|
|
|
|
| LEADER |
00000nab a2200000u 4500 |
| 001 |
vtls012016457 |
| 003 |
SK-MaSNL |
| 005 |
20260303210801.0 |
| 008 |
210302|20201228xo ||||||| || ||slo| |
| 038 |
|
|
|a KEVKJB
|
| 040 |
|
|
|a KEVKJB
|b slo
|e rda
|
| 041 |
0 |
|
|a slo
|
| 043 |
|
|
|a e-xo---
|
| 044 |
|
|
|a xo
|c SK
|
| 072 |
|
7 |
|a 616.9
|x Prenosné choroby. Infekčné a kontaktné choroby, horúčky
|2 konspekt
|
| 080 |
|
|
|a 616.9:578.834
|2 2011
|
| 100 |
1 |
|
|a Ogurčáková, Jana
|4 aut
|9 835010
|
| 245 |
1 |
0 |
|a Začalo sa už očkovať
|b na celý východ zatiaľ dorazilo iba 200 vakcín do košickej nemocnice. Vraj je to v poriadku
|c Jana Ogurčáková
|
| 300 |
|
|
|b Fotografie
|
| 336 |
|
|
|a text
|b txt
|2 rdacontent
|
| 337 |
|
|
|a bez média
|b n
|2 rdamedia
|
| 338 |
|
|
|a zväzok
|b nc
|2 rdacarrier
|
| 610 |
2 |
7 |
|a Univerzitná nemocnica L. Pasteura Košice
|2 SNKKA
|9 155401
|
| 650 |
0 |
7 |
|a COVID-19
|2 SNKPH
|9 201532
|
| 650 |
0 |
7 |
|a očkovanie
|2 SNKPH
|9 2553
|
| 651 |
|
7 |
|a Košice (Slovensko)
|2 SNKPHgeo
|9 18694
|
| 773 |
0 |
|
|t Korzár
|g Roč. XXIII., č. 298 (28.12.2020), s. 2-3
|x 2585-7355
|
| 852 |
|
|
|a KEVKJB
|b KIS3GCP
|
| 958 |
|
|
|a MI
|
| 999 |
|
|
|c 2201668
|d 2203598
|